<?xml version="1.0" encoding="UTF-8"?><?xml-stylesheet type="text/xsl" href="static/style.xsl"?><OAI-PMH xmlns="http://www.openarchives.org/OAI/2.0/" xmlns:xsi="http://www.w3.org/2001/XMLSchema-instance" xsi:schemaLocation="http://www.openarchives.org/OAI/2.0/ http://www.openarchives.org/OAI/2.0/OAI-PMH.xsd"><responseDate>2026-06-01T23:36:46Z</responseDate><request verb="GetRecord" identifier="oai:riuma.uma.es:10630/8067" metadataPrefix="marc">https://riuma.uma.es/rest/oai/request</request><GetRecord><record><header><identifier>oai:riuma.uma.es:10630/8067</identifier><datestamp>2026-02-03T12:42:56Z</datestamp><setSpec>com_10630_2254</setSpec><setSpec>col_10630_37957</setSpec></header><metadata><record xmlns="http://www.loc.gov/MARC21/slim" xmlns:dcterms="http://purl.org/dc/terms/" xmlns:doc="http://www.lyncode.com/xoai" xmlns:xsi="http://www.w3.org/2001/XMLSchema-instance" xsi:schemaLocation="http://www.loc.gov/MARC21/slim http://www.loc.gov/standards/marcxml/schema/MARC21slim.xsd">
   <leader>00925njm 22002777a 4500</leader>
   <datafield ind2=" " ind1=" " tag="042">
      <subfield code="a">dc</subfield>
   </datafield>
   <datafield ind2=" " ind1=" " tag="720">
      <subfield code="a">Jiménez-Morales, Eduardo</subfield>
      <subfield code="e">author</subfield>
   </datafield>
   <datafield ind2=" " ind1=" " tag="260">
      <subfield code="c">2014</subfield>
   </datafield>
   <datafield ind2=" " ind1=" " tag="520">
      <subfield code="a">Si existe una arquitectura claramente adscrita al turismo de masas, esa es la del hotel. El hotel constituye la pieza mínima por excelencia ya que es necesaria para convertir un lugar en un destino turístico. Para estudiar sus características se propone indagar en el origen y en la evolución de su arquitectura. El objetivo es descubrir el momento del tránsito del hotel urbano de patio interior y manzana cerrada, pautado por el lenguaje historicista, al hotel panorámico y abierto al paisaje litoral que converge con la arquitectura de vanguardia del siglo XX. Para ello, se establecen dos líneas de investigación que combinan el principio de ordenación histórica con la metodología genealógica y la experimental. La primera, tiene como protagonista al gran hotel de la estación turística europea, máximo representante de la actividad lúdica, simbólica, económica y cultural del siglo XIX. La segunda, versa en torno a la arquitectura del sanatorio antituberculoso alpino, modelo de referencia una vez que se generalizan los principios médico-higienistas que le dieron forma, y profundiza en la contaminación arquitectónica que se desencadena entre estos y el gran hotel. Finalmente, y a modo de conclusión, la tesis doctoral se adentra en la consolidación del modelo de hotel turístico panorámico como resultado de estas imbricaciones.</subfield>
   </datafield>
   <datafield ind1="8" ind2=" " tag="024">
      <subfield code="a">http://hdl.handle.net/10630/8067</subfield>
   </datafield>
   <datafield tag="653" ind2=" " ind1=" ">
      <subfield code="a">Hoteles y pensiones - Tesis doctorales</subfield>
   </datafield>
   <datafield tag="653" ind2=" " ind1=" ">
      <subfield code="a">Arquitectura - Tesis doctorales</subfield>
   </datafield>
   <datafield ind2="0" ind1="0" tag="245">
      <subfield code="a">El hotel turístico. Viaje a los orígenes de su arquitectura, 1693-1932</subfield>
   </datafield>
</record>
</metadata></record></GetRecord></OAI-PMH>